Electronics / (Record no. 112354)
[ view plain ]
| 000 -LEADER | |
|---|---|
| fixed length control field | 00552nam a2200169 a 4500 |
| 005 - DATE AND TIME OF LATEST TRANSACTION | |
| control field | 20140414131934.0 |
| 008 - FIXED-LENGTH DATA ELEMENTS--GENERAL INFORMATION | |
| fixed length control field | 110112s19uu xx 00 eng d |
| 050 ## - LIBRARY OF CONGRESS CALL NUMBER | |
| Classification number | REF 621.381 |
| Item number | B76 2000 |
| 100 ## - MAIN ENTRY--PERSONAL NAME | |
| Personal name | Bridgman, Roger |
| 245 ## - TITLE STATEMENT | |
| Title | Electronics / |
| Statement of responsibility, etc | written by Roger Bridgman. |
| 250 ## - EDITION STATEMENT | |
| Edition statement | 1st American ed. |
| 260 ## - PUBLICATION, DISTRIBUTION, ETC. (IMPRINT) | |
| Place of publication, distribution, etc | New York : |
| Name of publisher, distributor, etc | Dorling Kindersley, |
| Date of publication, distribution, etc | 2000. |
| 440 ## - SERIES STATEMENT/ADDED ENTRY--TITLE | |
| Title | Eyewitness books |
| 520 ## - SUMMARY, ETC. | |
| Summary, etc | Traces the history, discoveries, and devices of the science of electronics. |
| 650 ## - SUBJECT ADDED ENTRY--TOPICAL TERM | |
| Topical term or geographic name as entry element | Electronics |
| General subdivision | Juvenile literature |
| Withdrawn status | Lost status | Damaged status | Home library | Current library | Shelving location | Date acquired | Total Checkouts | Full call number | Barcode | Date last seen | Price effective from | Koha item type |
|---|---|---|---|---|---|---|---|---|---|---|---|---|
| Munich Library | Munich Library | Reference Section | 01/12/2011 | REF 621.381 B76 2000 | M3639 | 04/14/2014 | 04/14/2014 | Books |